Cours d'eau du monde par Ville de confluence - Statistiques

Statistiques générales
  • Ce quiz a été pris 64 fois
  • Le résultat moyen est 10 sur 20
Statistiques - réponses
Lieu Cours d'eau % Correct
Lyon Rhone
100%
Belgrade Danube
94%
Saône
94%
Coblence Rhin
84%
Saint-Louis Mississippi
79%
Manaus Amazone
76%
Namur Meuse
71%
Khartoum Nil Blanc
71%
Nil Bleu
70%
Missouri
68%
Moselle
54%
Prayagraj Gange
51%
Khanty-Masïïk Ob
29%
Rio Guainía
24%
Sambre
21%
Kwamouth Congo
17%
Save
17%
Irtych
5%
Kasaï
5%
Yamuna
2%
Aucun quiz correspondant
Distribution des résultats
% des personnes avec chaque résultat
Percentile par nombre de réponses
Votre historique - résultats
Vous n’avez pas pris ce quiz